On This Day: June 9th Quiz Stats

 Plays Quiz Updated Jun 9, 2017

Support Sporcle.
Go Orange.
Score 0/7 Timer 03:00
0 Plays Today
Question Answer Wrong Answers
William Jennings Bryan resigns as Woodrow Wilson's Secretary of State over a disagreement regarding the United States' handling of the sinking of the RMS ______.
1915
Lusitania
74.4%
Titanic
19.8%
Olympic
2.2%
Queen Mary
3.1%
This world famous actor, who rose to prominence on the 1980s television series ‘21 Jump Street', is born.
1963
Johnny Depp
73.9%
Brad Pitt
9.9%
Leonardo DiCaprio
6.1%
Orlando Bloom
6.2%
This Disney character, often depicted with a sailor shirt and cap, makes his debut in ‘The Wise Little Hen’.
1934
Donald Duck
71.6%
Popeye
23.5%
Goofy
1.8%
Pluto
1.5%
During hearings on whether Communism has infiltrated the Army, Joseph Welch, special counsel for the United States Army, famously asks this man, 'At long last, have you left no sense of decency?’
1954
Joseph McCarthy
70.1%
Harry S. Truman
6.8%
Douglas MacArthur
10.9%
J. Edgar Hoover
9.1%
The Church of Jesus Christ of Latter-day Saints opens its priesthood to ‘all worthy men’, ending a 148-year-old policy of excluding ______.
1978
Black Men
63.4%
Gay Men
14.1%
Women
14.7%
Immigrants
3.3%
This horse becomes the first US Triple Crown winner in 25 years.
1973
Secretariat
62.8%
War Admiral
3.5%
Seabiscuit
23%
Seattle Slew
6.6%
This small, landlocked country in western Europe declares independence from the French Empire.
1815
Luxembourg
58.7%
Monaco
24.4%
Liechtenstein
11.9%
San Marino
4.9%

You're not logged in!

Compare scores with friends on all Sporcle quizzes.
OR
Log In
Forgot?

From the Vault

Best 'Party' Cities

by jonesjeffum

Come for the heated political discussions, stay for the cocktail wieners and free booze.
Remove Ads.
Support Sporcle.
Get the best of Sporcle when you Go Orange. This ad-free experience offers more features, more stats, and more fun while also helping to support Sporcle. Thank you for becoming a member.

Show Comments

Extras

Top Quizzes Today


Score Distribution

Your Account Isn't Verified!

In order to create a playlist on Sporcle, you need to verify the email address you used during registration. Go to your Sporcle Settings to finish the process.

Report this User

Report this user for behavior that violates our Community Guidelines.

Details: